000 02197cam a22004814i 4500
003 PE-LiUPU
005 20250731173322.0
008 150625s r 000 0 d
020 _a0825411424
035 _a(Sirsi) i9780825411427
040 _aPE-LiUPU
_bspa
_cPE-LiUPU
_erda
049 _aPRUA
082 0 4 _a270.422
_bM38
_221
100 1 _aMehmet Caner, Ergun,
_eautor.
245 1 0 _aYijad cristiana :
_buna mirada a las cruzadas hechas en el nombre de Cristo /
_cErgun Mehmet Caner y Emir Fethi Caner.
264 1 _aGrand Rapids, MI :
_bPortavoz,
_c[2005].
300 _a266 páginas ;
_c21 centímetros
336 _atext
_2rdacontent
337 _aunmediated
_2rdamedia
338 _avolume
_2rdacarrier
504 _aIncluye bibliografía.
505 0 _aNosotros no derramamos sagre, a no ser nuestra propia sangre: La iglesia primitiva y la guerra. -La legión atronadora: Cómo los santos asesinados se convirtieron en soldados ocasionales. -La legión atronadora: Cómo los santos asesinados se convirtieron en soldados ocasionales. -Un matrimonio no santo: Cuando la iglesia se convirtió en una amante. -"¡Dios los quiere!" Cuando Cristo comandó una yijad. -Asesinato santificado: Cuando el cuerpo de Cristo se convirtió en el ajército de Dios. -"Victoria pírrica": desintegración de la cruzadas por causa de laderrota.
526 _aSEG42
526 _aSEG41
526 _aSEG40
526 _aSEG39
526 _aP94
526 _aP87
526 _aP86
526 _aP85
526 _aP77
526 _aP76
526 _aP35
541 _g003-0003441;
650 0 4 _aCrusadas.
650 0 4 _aGuerra
_xCristianismo
_xHistoria.
700 1 _aFethi Caner, Emir,
_eautor.
942 _2ddc
_cBOOK
949 _a270.422 M38
_wDEWEY
_c1
_i57671
_lCCODEBUL1
_mBUL
_r0
_sY
_tBOOK
_u2015-6-25
_xTEOLOGIA
_zUNKNOWN
_0COMPRA
_o.STAFF. Colección General
994 _aC0
_bPEPRU
596 _a1
999 _a270.422 M38
_wDEWEY
_c46675
_i57671
_d46675
_e2019-5-21
_f2021-11-11
_g5
_lCCODEBUL1
_mBUL
_n1
_q3
_r0
_sY
_tBOOK
_u2015-6-25
_xTEOLOGIA
_zUNKNOWN
_0COMPRA
_o.STAFF. Colección General
980 _81
_gALBERTO SANCHEZ Responsable de Automatización